书目信息 |
| 题名: |
自动消防系统设计安装手册
|
|
| 作者: | 李东明 主编 | |
| 分册: | ||
| 出版信息: | 北京 中国计划出版社 1996.05 |
|
| 页数: | 509页 | |
| 开本: | 16开 | |
| 丛书名: | ||
| 单 册: | ||
| 中图分类: | TU998.1-62 | |
| 科图分类: | ||
| 主题词: | 市政工程 , 城市公共设施 | |
| 电子资源: | ||
| ISBN: | 7-80058-417-8 | |
| 000 | 00621nam0 2200205 45 | |
| 001 | 0009260880 | |
| 005 | 20001122152033.7 | |
| 010 | @a7-80058-417-8@d60.00元 | |
| 100 | @a20000926d1996 km y0chiy0120 ea | |
| 101 | 0 | @achi |
| 105 | @a z 000yy | |
| 200 | 1 | @a自动消防系统设计安装手册@AZi Dong Xiao Fang Xi Tong She Ji An Zhuang Shou Ce@f李东明主编@FLi Dong Ming Zhu Bian |
| 210 | @a北京@c中国计划出版社@d1996.05 | |
| 215 | @a509页@d16开 | |
| 606 | 0 | @a市政工程 |
| 606 | 0 | @a城市公共设施 |
| 690 | @aTU998.1-62@v3 | |
| 701 | 0 | @a李东明@4主编 |
| 801 | @aCN@bPftUser@c20000926 | |
| 905 | @dTU998.1-62@eL524@b500958-962@f5 | |
| 自动消防系统设计安装手册/李东明主编.-北京:中国计划出版社,1996.05 |
| 509页;16开 |
| ISBN 7-80058-417-8:60.00元 |
| ● |
| 相关链接 |
|
|
|
正题名:自动消防系统设计安装手册
索取号:TU998.1-62/L524
 
预约/预借
| 序号 | 登录号 | 条形码 | 馆藏地/架位号 | 状态 | 备注 |
| 1 | 500958 | 205009587 | 自科二线404/404自科库 20排3列1层/ [索取号:TU998.1-62/L524] | 在馆 | |
| 2 | 500959 | 205009596 | 自科二线404/404自科库 20排3列1层/ [索取号:TU998.1-62/L524] | 在馆 | |
| 3 | 500960 | 205009603 | 自科二线404/404自科库 20排3列1层/ [索取号:TU998.1-62/L524] | 在馆 | |
| 4 | 500961 | 205009612 | 建筑库201/201建筑库 141排2列4层/ [索取号:TU998.1-62/L524] | 在馆 | |
| 5 | 500962 | 205009621 | 自科二线404/404自科库 20排3列1层/ [索取号:TU998.1-62/L524] | 在馆 |